WINGS OF FIRE AN AUTOBIOGRAPHY (Record no. 12578)

MARC details
000 -LEADER
fixed length control field 00364nam a2200133Ia 4500
008 - FIXED-LENGTH DATA ELEMENTS--GENERAL INFORMATION
fixed length control field 240624s9999 xx 000 0 und d
041 ## - LANGUAGE CODE
Language code of text/sound track or separate title eng
082 ## - DEWEY DECIMAL CLASSIFICATION NUMBER
Classification number 920 KAL
100 ## - MAIN ENTRY--PERSONAL NAME
Personal name KALAM A P J ABDUL
245 ## - TITLE STATEMENT
Title WINGS OF FIRE AN AUTOBIOGRAPHY
260 ## - PUBLICATION, DISTRIBUTION, ETC.
Date of publication, distribution, etc. 2008
Place of publication, distribution, etc. Hyderabad
Name of publisher, distributor, etc. Universities Press (India) Pvt.
300 ## - PHYSICAL DESCRIPTION
Extent xvi, : 180 : p. : cm. ; 24
365 ## - TRADE PRICE
Currency code RS
Price amount 30
Holdings
Withdrawn status Lost status Damaged status Not for loan Home library Current library Shelving location Date acquired Source of acquisition Cost, normal purchase price Full call number Barcode Date last seen Copy number Price effective from Koha item type
        IMTN IMTN Rack 42-B 02/17/2009 PSBE 250.00 920 KAL 12578 06/24/2024 1 06/24/2024 Books
Designed & Maintained by: LRC IMT Nagpur Contact: lrc@imtnag.ac.in© 2024. All Rights Reserved.